000
00337 a2200157 4500
001
58750
020
_a
853223536
040
_c
Anchieta - Pituba
100
_a
Ferreira, José Roberto Martins
240
1
0
_a
História 8
_l
por
245
1
0
_a
História 8
300
_a
288
362
0
_a
1997
650
4
_a
História do mundo
942
_c
BK
999
_c
58750
_d
58750